Human Resource Development in aknowledge economy: an organizational view (Record no. 2392)

MARC details
000 -LEADER
fixed length control field 00636nam a22002057a 4500
003 - CONTROL NUMBER IDENTIFIER
control field OSt
005 - DATE AND TIME OF LATEST TRANSACTION
control field 20170425200756.0
008 - FIXED-LENGTH DATA ELEMENTS--GENERAL INFORMATION
fixed length control field 151103b xxu||||| |||| 00| 0 eng d
020 ## - INTERNATIONAL STANDARD BOOK NUMBER
International Standard Book Number 0333990153
040 ## - CATALOGING SOURCE
Transcribing agency DDC
082 ## - DEWEY DECIMAL CLASSIFICATION NUMBER
Classification number 658.3;
Item number HAR,2004;
100 ## - MAIN ENTRY--PERSONAL NAME
Personal name Harrison,RoseMary; Kessels,Joseph.
9 (RLIN) 5956
245 ## - TITLE STATEMENT
Title Human Resource Development in aknowledge economy: an organizational view
260 ## - PUBLICATION, DISTRIBUTION, ETC. (IMPRINT)
Place of publication, distribution, etc. China;
Name of publisher, distributor, etc. Palgrave macmillian,
Date of publication, distribution, etc. 2004
300 ## - PHYSICAL DESCRIPTION
Extent xviii,301;
Other physical details ill;
Dimensions 32cm
504 ## - BIBLIOGRAPHY, ETC. NOTE
Bibliography, etc includes appendices, references &index
650 ## - SUBJECT ADDED ENTRY--TOPICAL TERM
Topical term or geographic name as entry element Human Resource
9 (RLIN) 5954
650 ## - SUBJECT ADDED ENTRY--TOPICAL TERM
Topical term or geographic name as entry element Organizational behaviour
9 (RLIN) 12119
942 ## - ADDED ENTRY ELEMENTS (KOHA)
Source of classification or shelving scheme Dewey Decimal Classification
Koha item type Short Loan
Holdings
Withdrawn status Lost status Source of classification or shelving scheme Damaged status Not for loan Home library Current library Date acquired Source of acquisition Inventory number Total Checkouts Full call number Barcode Date last seen Koha item type
    Dewey Decimal Classification     MUST Main Library MUST Main Library 03/11/2015 Purchase 06/27331   658.3; HAR,2004; 2015-2408 03/11/2015 Short Loan
    Dewey Decimal Classification     MUST Main Library MUST Main Library 05/11/2019 Donation 11/33069   658.3; HAR,2004; 2019-0596 05/11/2019 Open Shelf